00506nam a2200097Ia 4500008004100000100011700041245012600158260007700284650002800361999001900389160725s9999 xx 000 0 und d aGermano, Dennis Prince Y., Infante, Philippe, Melitante, George Christian, Nuyda, Socorro, & Tango,, Ma. Ana. T. aExternal factors affecting the operation of private non-sectarian higher educational institutions (HEIs) in Metro Manila. bKaizen Research Journal College of Business AdministrationcJanuary 2014 aBUSINESS ADMINISTRATION c297998d297998